| 000 | 00491nam a2200169Ia 4500 | ||
|---|---|---|---|
| 999 |
_c347 _d347 |
||
| 003 | OSt | ||
| 005 | 20210910102304.0 | ||
| 008 | 190216s9999||||xx |||||||||||||| ||und|| | ||
| 040 | _coclc | ||
| 082 |
_a297 _bALM/H |
||
| 100 |
_aAl Mahmud, Al Shaikh Abdullah Bin Zaid _98736 |
||
| 245 | 0 |
_aAl Hikmath Al Jamia / _cAl Shaikh Abdullah Bin Zaid Al Mahmud |
|
| 260 | _bHilal Publications, | ||
| 300 | _a760p | ||
| 650 | _aArabic | ||
| 942 |
_cBK _2ddc _h297 _iALM/H _k297 _mALM/H |
||